Pays membres de la CEDEAO - Statistiques

Statistiques générales
  • Ce quiz a été pris 75 fois
  • Le résultat moyen est 14 sur 15
Réponses sur la Carte
Les réponses sont colorées sur une échelle allant du rouge au vert en fonction du pourcentage des utilisateurs qui les ont devinées à leur premier essai. Vous pouvez retrouver ces pourcentages ci-dessous.
 
Statistiques - réponses
Réponse % Correct
mali
98%
côte d'ivoire
97%
niger
97%
burkina faso
95%
guinée
95%
Bénin
94%
ghana
94%
nigeria
94%
sénégal
94%
cap-vert
92%
togo
92%
guinée-bissau
90%
gambie
89%
libéria
89%
sierra leone
85%
Aucun quiz correspondant
Distribution des résultats
% des personnes avec chaque résultat
Percentile par nombre de réponses
Votre historique - résultats
Vous n’avez pas pris ce quiz